Let the sun shine in.

Bibliographic Details
Main Author: Crowell, Grace Noll, 1877-1969
Format: Book
Language:English
Published: Old Tappan, N.J. : F.H. Revell Co., [1970]

MARC

Tag First Indicator Second Indicator Subfields
LEADER 00000cam a2200000 4500
001 in00001732921
005 20151025050629.0
008 710212s1970 nju 000 0 eng
010 |a  77137440  
020 |a 0800704339 
035 |a (OCoLC)ocm00121427 
040 |a DLC  |c DLC  |d OCL  |d TXA  |d UtOrBLW 
049 |a TXAM 
050 0 0 |a PS3505.R9456  |b L4 1970 
082 0 |a 811/.5/2 
100 1 |a Crowell, Grace Noll,  |d 1877-1969. 
245 1 0 |a Let the sun shine in. 
264 1 |a Old Tappan, N.J. :  |b F.H. Revell Co.,  |c [1970] 
264 4 |c [©1970] 
300 |a 128 pages ;  |c 20 cm. 
336 |a text  |b txt  |2 rdacontent 
337 |a unmediated  |b n  |2 rdamedia 
338 |a volume  |b nc  |2 rdacarrier 
500 |a Poems. 
536 |a From the books of Jack and Polly Kent, 2000. 
994 |a E0  |b TXA 
948 |a cataloged  |b h  |c 2003/4/11  |d c  |e bhartsfi  |f 10:59:25 am 
999 |a MARS 
999 f f |s 70491b51-f213-3035-919b-523420c2ebd1  |i 6fd4eb30-d56c-3704-953a-1b9e1acb6694  |t 0 
952 f f |p ric  |a Texas A&M University  |b Rellis Campus  |c Joint Library Facility  |d Remote Storage  |t 0  |e PS3505.R9456 L4 1970  |h Library of Congress classification  |i unmediated -- volume  |m A14829845929 
998 f f |a PS3505.R9456 L4 1970  |t 0  |l Remote Storage